000 00307 a2200157 4500
001 164771
020 _a
040 _cMagnum
100 _aRibeiro, LaĆ­s Carr
240 1 0 _aRapunzel
_lpor
245 1 0 _aRapunzel
362 0 _a1899
440 1 _aModerna
697 _aIJ/FADAS, FANTASIA
942 _cBK
999 _c164771
_d164771